Statistics for Регионы Франции

Click here to take the quiz!

General Stats

  • This quiz has been taken 220 times
    (168 since last reset)
  • The average score is 6 of 26

Answers on the Map

Answers color-coded by a green-red scale on the quiz's map according to % correct below.
 

Answer Stats

Region% Correct
Нормандия
67%
Бретань
64%
Прованс — Альпы — Лазурный Берег
59%
Корсика
49%
Бургундия — Франш-Конте
41%
Новая Аквитания
38%
Иль-де-Франс
35%
Гвиана
24%
Окситания
23%
Центр — Долина Луары
19%
Овернь — Рона — Альпы
17%
Гваделупа
15%
Французская Полинезия
15%
Новая Каледония
14%
Реюньон
14%
Гранд-Эст
14%
Мартиника
13%
О-де-Франс
13%
Сен-Пьер и Микелон
9%
Уоллис и Футуна
8%
Французские Южные и Антарктические территории
7%
Майотта
6%
Сен-Мартен
6%
Пеи-де-ла-Луар
6%
Сен-Бартельми
5%
Клиппертон
4%

Score Distribution

Percentile by Number Answered

Percent of People with Each Score

Your Score History

You have not taken this quiz since the last reset